000 00632nam a2200253Ia 4500
003 OSt
005 20221007071205.0
006 a|||||r|||| 00| 0
007 ta
008 221006b |||||||| |||| 00| 0 eng d
020 _a9789351453949
024 _a45,890
037 _cTextual
040 _aFLL
_cFLL
_beng
041 _2eng
_aeng
082 _aZ(Q2), Q6
100 _aGANDHI B. M.
_9428833
245 0 _aHindu law
250 _a4th
260 _aLocknow
_bEastern Book Company India
_c2016
300 _alxxx,573p.
_ccm.
942 _hZ(Q2), Q6
_cTEXL
_2CC
999 _c1142704
_d1142704